Khảo sát ảnh hưởng của dung môi lên sự hình thành cấu trúc mới của vật liệu khung lai hóa hữu cơ-kim loại và đánh giá khả năng tách chọn lọc CO2/CH4 của vật liệu tạo thành : Báo cáo tổng kết đề tài Khoa học và Công nghệ cấp trường
Tổng hợp vật liệu khung lai hóa hữu cơ-kim loại mới, có diện tích bề mặt cao qua sử dụng các hệ dung môi khác nhau; góp phần phát triển phương pháp tổng hợp vật liệu rắn có độ xốp cao cho nhiều ứng dụng thực tiễn....
Enregistré dans:
| Auteur principal: | |
|---|---|
| Format: | Livre |
| Langue: | Undetermined |
| Publié: |
Cần Thơ
Trường Đại học Cần Thơ
2018
|
| Sujets: | |
| Tags: |
Ajouter un tag
Pas de tags, Soyez le premier à ajouter un tag!
|
| Thư viện lưu trữ: | Trung tâm Học liệu Trường Đại học Cần Thơ |
|---|
| LEADER | 01371nam a2200229Ia 4500 | ||
|---|---|---|---|
| 001 | CTU_230346 | ||
| 008 | 210402s9999 xx 000 0 und d | ||
| 082 | |a 620.117 | ||
| 082 | |b Nh513 | ||
| 088 | |a T2017-69 | ||
| 100 | |a Nguyễn, Thị Tuyết Nhung | ||
| 245 | 0 | |a Khảo sát ảnh hưởng của dung môi lên sự hình thành cấu trúc mới của vật liệu khung lai hóa hữu cơ-kim loại và đánh giá khả năng tách chọn lọc CO2/CH4 của vật liệu tạo thành : | |
| 245 | 0 | |b Báo cáo tổng kết đề tài Khoa học và Công nghệ cấp trường | |
| 245 | 0 | |c Nguyễn Thị Tuyết Nhung (Chủ nhiệm đề tài) | |
| 260 | |a Cần Thơ | ||
| 260 | |b Trường Đại học Cần Thơ | ||
| 260 | |c 2018 | ||
| 520 | |a Tổng hợp vật liệu khung lai hóa hữu cơ-kim loại mới, có diện tích bề mặt cao qua sử dụng các hệ dung môi khác nhau; góp phần phát triển phương pháp tổng hợp vật liệu rắn có độ xốp cao cho nhiều ứng dụng thực tiễn. | ||
| 650 | |a Hợp chất hữu cơ,Organic compounds | ||
| 650 | |x Tổng hợp,Synthesis | ||
| 910 | |b nthai | ||
| 980 | |a Trung tâm Học liệu Trường Đại học Cần Thơ | ||